000 01328nam a2200289 4500
001 0000014138
003 CO-CtgCURN
005 20250331191039.0
007 ta
008 160627s2003 000 0 eng d
020 _a9588165172
040 _aCO-CtgCURN
_bspa
_ccoctgcurn
082 0 _a801.95
_bP855
110 1 _aCorporación Universitaria Minuto de Dios.
245 1 0 _aPosibilidades expresivas, cognoscitivas e imaginativas del texto literario /
_cfotografo, José Arturo Rojas M.
260 _aBogotá :
_bCorporacin Universitaria Minuto de Dios,
_c2003.
300 _a83 p.
336 _2rdacontent
337 _2rdamedia
_asin mediacion
_bn
338 _2rdacarrier
_avolumen
_bnc
504 _aIncluye bibliografia al final de cada capitulo.
505 8 _aTeoria y análisis: posibilidades expresivas, cognoscitivas e imaginativas del texto literario -- La relacion lenguaje y literatura y los interrogantes que ella concita -- La comunicación literaria -- Recepcion y efecto estetico: el papel del lector -- Docencia y creacion: una invitacion a construir una gramatica de la fantasia -- Aproximacion a la teoria de los generos
650 1 4 _aLiteratura
_xEnseñanza.
908 _a160627
942 _cBK
_h801.95
_iP855
_2ddc
999 _c25658
_d25658